|
|
|
|
| LEADER |
00000cam a2200000 7i4500 |
| 001 |
0000005019 |
| 002 |
000005410 |
| 005 |
20000330.0 |
| 020 |
|
|
|a 9836222618
|
| 090 |
0 |
0 |
|a 297.6
|b ABD
|
| 100 |
0 |
|
|a Abdul Hamid Jaudah Al-Sahhar
|
| 245 |
1 |
0 |
|a Hajar Al-Misriyah ibu bangsa Arab
|c Abdul Hamid Jaudah Al-Sahhar
|
| 260 |
|
|
|a Kuala Lumpur :
|b DBP ,
|c 1995
|
| 300 |
|
|
|a 225 p. ;
|c 22 cm.
|
| 490 |
0 |
|
|a Siri Karya 'Ibrah Kisah Para Nabi
|
| 650 |
0 |
0 |
|a Islamic
|x History
|
| 700 |
0 |
|
|a Sayiah Abd.Razak
|
| 999 |
|
|
|a 00074018
|b BUKU
|c PINJAMAN
|e PERPUSTAKAAN KOMUNITI PETALING JAYA
|
| 999 |
|
|
|a 033572
|b BUKU
|c PINJAMAN
|e PERPUSTAKAAN KOMUNITI PETALING JAYA
|
| 999 |
|
|
|a 042802
|b BUKU
|c PINJAMAN
|e PERPUSTAKAAN KOMUNITI PETALING JAYA
|